El día que llegó el mar / (Record no. 140164)

MARC details
000 -LEADER
campo de control de longitud fija 00521nam a2200181 4500
001 - NÚMERO DE CONTROL
campo de control 140164
003 - IDENTIFICADOR DE NÚMERO DE CONTROL
campo de control ES-MaACL
007 - CAMPO FIJO DE DESCRIPCIÓN FÍSICA--INFORMACIÓN GENERAL
campo de control de longitud fija t|
008 - DATOS DE LONGITUD FIJA--INFORMACIÓN GENERAL
campo de control de longitud fija 070214s1981 sp r ||||1| spa d
100 1# - ENTRADA PRINCIPAL--NOMBRE DE PERSONA
Nombre de persona Segado del Olmo, Antonio.
9 (RLIN) 105103
245 13 - MENCIÓN DEL TÍTULO
Título El día que llegó el mar /
Mención de responsabilidad, etc. Antonio Segado del Olmo.
260 ## - PUBLICACIÓN, DISTRIBUCIÓN, ETC.
Lugar de publicación, distribución, etc. Murcia :
Nombre del editor, distribuidor, etc. Mediterráneo,
Fecha de publicación, distribución, etc. 1981.
300 ## - DESCRIPCIÓN FÍSICA
Extensión 227 p. ;
Dimensiones 19 cm.
490 1# - MENCIÓN DE SERIE
Mención de serie Col. Mediterráneo
830 0# - PUNTO DE ACCESO ADICIONAL DE SERIE-TÍTULO UNIFORME
Título uniforme Col. Mediterráneo
9 (RLIN) 220302
852 ## - LOCALIZACIÓN
Ubicación ES-MaACL
Número de control de estantería L-5305
Sublocalización o colección R.105731
Holdings
Estatus retirado Estado de pérdida Estado de daño No para préstamo Biblioteca de origen Biblioteca actual Ubicación en estantería Fecha de adquisición Fuente de adquisición Total de préstamos Signatura topográfica completa Código de barras Visto por última vez Precio de reemplazo Tipo de ítem Koha
        Biblioteca del Ateneo de Madrid Biblioteca del Ateneo de Madrid Depósito 2 17/01/2008     L-5305 1145860 23/02/2023 23/02/2023 Libro impreso